Visualizzazione normale
Vista MARC
- Lattuada Alberto
di Personal Name
Records bibliografici associati: 1
001 - CONTROL NUMBER
- control field: 47738
003 - CONTROL NUMBER IDENTIFIER
- control field: IT-RoPau
005 - DATE AND TIME OF LATEST TRANSACTION
- control field: 20151201105813.0
008 - FIXED-LENGTH DATA ELEMENTS
- fixed length control field: 151201|| aca||aabn | a|a d
040 ## - CATALOGING SOURCE
- Original cataloging agency: IT-RoPau
- Transcribing agency: IT-RoPau
100 ## - HEADING--PERSONAL NAME
- Personal name: Lattuada Alberto
- Miscellaneous information: Codice regista SPICS: 4829
670 ## - SOURCE DATA FOUND
- Source citation: Work cat.: (IT-RoPau)106601: Lattuada Alberto Codice regista SPICS: 4829, ANNA ANNA (Rif. Codice opera principale : 26182)